000 00337nam a2200145Ia 4500
008 230718s9999 xx 000 0 und d
041 _aEng.
082 _a346.02
_bSTO-C
100 _aStorne. Prof. Richard
245 0 _aContract Law
260 _aPakistan
_bCavendish Publisher
_c1994
300 _a300
650 _aLaw
999 _c29833
_d29833